000 00320nam a2200133Ia 4500
008 230917s9999||||xx |||||||||||||| ||und||
040 _e88626
_aMAIN
041 _aEnglish
082 _a301.446 B469B
245 0 _aBharat ke aadivasi
260 _aLondon
_bMinority Rights Groups
_c2001
300 _a107 p.
942 _cBK
999 _c81719
_d81719